000
00277nam a2200097Ia 4500
001
644465
005
20250826153605.0
008
250824s9999 xx 000 0 und d
245
0
_a
Kareli ve Küplü Şeylerin Serüveni
_c
Şahin Koçak, Vakıf Cafer
260
_b
TÜBİTAK YAYINLARI
999
_c
644465
_d
644465